Recovery-stress Questionnaire for Athletes : (Record no. 588746)

MARC details
000 -LEADER
fixed length control field 00490nam a2200193 a 4500
008 - FIXED-LENGTH DATA ELEMENTS--GENERAL INFORMATION
fixed length control field 250922s2001##################000#0#eng##
020 ## - INTERNATIONAL STANDARD BOOK NUMBER
ISBN 9780736037761
082 04 - DEWEY DECIMAL CLASSIFICATION NUMBER
Classification number 796.01
Item number KEL
100 1# - MAIN ENTRY--AUTHOR NAME
Personal name Kellmann, Michael,
245 10 - TITLE STATEMENT
Title Recovery-stress Questionnaire for Athletes :
260 ## - PUBLICATION, DISTRIBUTION, ETC. (IMPRINT)
Name of publisher Human Kinetics,
Year of publication 2001.
300 ## - PHYSICAL DESCRIPTION
Number of Pages 136 pages
650 #0 - SUBJECT ADDED ENTRY--TOPICAL TERM
Topical Term Education.
942 ## - ADDED ENTRY ELEMENTS (KOHA)
Koha item type English Books
Holdings
Withdrawn status Lost status Damaged status Not for loan Home library Current library Shelving location Date acquired Full call number Accession Number Price effective from Koha item type
        Anna Centenary Library Anna Centenary Library 6TH FLOOR, B WING 22.09.2025 796.01 KEL 371930 22.09.2025 English Books

Find us on the map